Normal view
MARC view
Entry Personal Name
001 - CONTROL NUMBER
- control field: 16882
003 - CONTROL NUMBER IDENTIFIER
- control field: BD-RjUL
005 - DATE AND TIME OF LATEST TRANSACTION
- control field: 20250914142549.0
008 - FIXED-LENGTH DATA ELEMENTS
- fixed length control field: 250914|| aca||aabn | a|a d
040 ## - CATALOGING SOURCE
- Original cataloging agency: BD-RjUL
- Transcribing agency: BD-RjUL
100 ## - HEADING--PERSONAL NAME
- Personal name: Landis, Judson T
670 ## - SOURCE DATA FOUND
- Source citation: Work cat.: (BD-RjUL)34238: Landis, Paul H. (Paul Henry), 1901- 104068, Social living :, 1949,1953